[Event "Sardinia World Festival-A 2024"]
[Site "Orosei"]
[Date "2024.05.03"]
[Round "8.6"]
[White "Sjugirov, Sanan"]
[Black "Erdogmus, Yagiz Kaan"]
[Result "1-0"]
[WhiteElo "2689"]
[BlackElo "2540"]
[Annotator "TA"]
[PlyCount "81"]
[EventDate "2024.04.26"]
[EventType "swiss"]
[EventCountry "ITA"]
[SourceTitle "playchess.com"]
[Source "ChessBase"]
[SourceQuality "1"]

1. e4 c5 2. Nf3 d6 3. d4 cxd4 4. Nxd4 Nf6 5. Nc3 a6 6. Be3 e5 7. Nb3 Be7 8. h3 Be6 9. f4 exf4 10. Bxf4 Nc6 11. Qe2 Nd7 12. O-O-O Nce5 13. Kb1 O-O 14. Qe3 Rc8 15. g4 Qc7 16. g5 Nb6 17. Rh2 Nbc4 18. Bxc4 Nxc4 19. Qg3 Qb6 20. h4 a5 21. Bc1 Qb4 22. Nd5 Bxd5 23. exd5 Qb5 24. Qf3 Ne5 25. Qg2 Qd7 26. Nd4 Bd8 27. Rf1 Rc4 28. Nf5 f6 29. Qh3 g6 30. Nh6+ Kg7 31. Qg3 Re4 32. b3 a4 33. Rhf2 axb3 34. axb3 f5 35. Bb2 Qb5 36. Rf4 Rxf4 37. Qxf4 Qxd5 38. Ng4 Bc7 39. Nf6 Qc6 40. h5 gxh5 41. Qxf5 1-0

[Event "Sardinia World Festival-A 2024"]
[Site "Orosei"]
[Date "2024.05.03"]
[Round "8.7"]
[White "Lagarde, Maxime"]
[Black "Sokolovsky, Yahli"]
[Result "1/2-1/2"]
[WhiteElo "2640"]
[BlackElo "2490"]
[Annotator "TA"]
[PlyCount "73"]
[EventDate "2024.04.26"]
[EventType "swiss"]
[EventCountry "ITA"]
[SourceTitle "playchess.com"]
[Source "ChessBase"]
[SourceQuality "1"]

1. d4 Nf6 2. c4 e6 3. Nc3 d5 4. Nf3 c6 5. Bg5 Be7 6. e3 h6 7. Bf4 Nbd7 8. Qc2 Nh5 9. Be5 Nhf6 10. O-O-O Nxe5 11. Nxe5 Qa5 12. Kb1 Nd7 13. Nf3 Bb4 14. Nd2 O-O 15. a3 Bxc3 16. Nb3 Qd8 17. Qxc3 b6 18. cxd5 cxd5 19. Rc1 Nf6 20. f3 Bb7 21. Qb4 a5 22. Qa4 Qd6 23. Bb5 Rfc8 24. Rxc8+ Rxc8 25. Nc1 Bc6 26. Nd3 Bxb5 27. Qxb5 Nd7 28. Rc1 Rxc1+ 29. Kxc1 Kf8 30. Kd2 Ke7 31. g3 Kd8 32. b4 axb4 33. axb4 Qc7 34. Qa6 Qc8 35. b5 Qc4 36. Qa8+ Ke7 37. Qa3+ 1/2-1/2

[Event "Sardinia World Festival-A 2024"]
[Site "Orosei"]
[Date "2024.05.03"]
[Round "8.9"]
[White "Moussard, Jules"]
[Black "Lewtak, Damian"]
[Result "1-0"]
[WhiteElo "2610"]
[BlackElo "2343"]
[Annotator "TA"]
[PlyCount "71"]
[EventDate "2024.04.26"]
[EventType "swiss"]
[EventCountry "ITA"]
[SourceTitle "playchess.com"]
[Source "ChessBase"]
[SourceQuality "1"]

1. e4 e6 2. d4 d5 3. Nc3 Bb4 4. e5 Ne7 5. a3 Bxc3+ 6. bxc3 b6 7. Qg4 Kf8 8. Nh3 Ba6 9. Bxa6 Nxa6 10. a4 Nb8 11. Nf4 Ng6 12. Nh5 Qh4 13. h3 c5 14. a5 b5 15. O-O Nc6 16. Be3 b4 17. f4 bxc3 18. dxc5 d4 19. Qf3 Rc8 20. Bf2 Qe7 21. a6 Qxc5 22. Rfb1 Nge7 23. Ng3 Qd5 24. Qd3 Ng6 25. Ne2 h5 26. Rb5 Qd8 27. Ra4 Kg8 28. Rb7 Rh6 29. Bxd4 Qe8 30. Qb5 Nh4 31. Bf2 Qd8 32. Qd3 Nf5 33. Rc4 Qe8 34. Qd7 Nfe7 35. Nxc3 Nd5 36. Qxe8+ 1-0

[Event "Sardinia World Festival-A 2024"]
[Site "Orosei"]
[Date "2024.05.03"]
[Round "8.10"]
[White "Moroni, Luca Jr"]
[Black "Zhalmakhanov, Ramazan"]
[Result "1/2-1/2"]
[WhiteElo "2580"]
[BlackElo "2490"]
[Annotator "RC"]
[PlyCount "107"]
[EventDate "2024.04.26"]
[EventType "swiss"]
[EventCountry "ITA"]
[SourceTitle "playchess.com"]
[Source "ChessBase"]
[SourceQuality "1"]

1. Nf3 d5 2. g3 Nf6 3. Bg2 e6 4. O-O Be7 5. c4 O-O 6. d3 c5 7. Ne5 Nbd7 8. Nxd7 Bxd7 9. e4 Bc6 10. Qe2 Rc8 11. e5 Nd7 12. f4 Nb6 13. Be3 Qd7 14. Nd2 Na4 15. Nf3 b5 16. cxb5 Bxb5 17. Rfc1 d4 18. Bf2 Bc6 19. Be1 Qb7 20. b3 Nb6 21. Nd2 Nd5 22. Nc4 Qd7 23. Bd2 Rfd8 24. Rc2 Bb5 25. Rac1 Nb4 26. Rb2 Nd5 27. h4 Rb8 28. Kh2 Nb6 29. Ba5 Rdc8 30. Be4 Nxc4 31. bxc4 Bc6 32. Rcb1 Rxb2 33. Rxb2 Bd8 34. Be1 Bb6 35. Qf3 Bxe4 36. Qxe4 Qa4 37. g4 Rf8 38. Bg3 h5 39. gxh5 Qd1 40. Qe2 Qxe2+ 41. Rxe2 Ba5 42. Rb2 Bb4 43. Kh3 Kh7 44. Kg4 f5+ 45. Kf3 a5 46. Rb3 Ra8 47. Bf2 Kh6 48. Rb1 Kxh5 49. Rg1 g6 50. a4 Rb8 51. Rb1 Ra8 52. Rg1 Rb8 53. Rb1 Ra8 54. Rg1 1/2-1/2

[Event "Sardinia World Festival-A 2024"]
[Site "Orosei"]
[Date "2024.05.03"]
[Round "8.11"]
[White "Bellia, Fabrizio"]
[Black "Sonis, Francesco"]
[Result "1/2-1/2"]
[WhiteElo "2384"]
[BlackElo "2562"]
[Annotator "TA"]
[PlyCount "118"]
[EventDate "2024.04.26"]
[EventType "swiss"]
[EventCountry "ITA"]
[SourceTitle "playchess.com"]
[Source "ChessBase"]
[SourceQuality "1"]

1. d4 Nf6 2. c4 e6 3. Nc3 Bb4 4. e3 O-O 5. Bd3 Bxc3+ 6. bxc3 d6 7. Nf3 Re8 8. e4 e5 9. d5 Na6 10. Nd2 c6 11. Nb3 Bd7 12. a4 Rc8 13. Bd2 Bg4 14. f3 Bh5 15. O-O Nd7 16. a5 Bg6 17. Kh1 h5 18. Qe1 Ndc5 19. Nxc5 Nxc5 20. Bc2 cxd5 21. cxd5 Qd7 22. Be3 Rf8 23. Qg3 Rc7 24. c4 Na6 25. Bb3 Nc5 26. Bc2 Qc8 27. h3 Na6 28. Bb3 Nc5 29. Bc2 Kh7 30. Qh4 Na6 31. Bb3 f5 32. Bxa7 fxe4 33. fxe4 Rcf7 34. Rxf7 Rxf7 35. Be3 Kg8 36. Kh2 Nc5 37. Bc2 Qc7 38. Bg5 Na6 39. Bd3 Qc5 40. Qg3 Qd4 41. Rd1 Kh7 42. Be3 Qc3 43. Qe1 Qa3 44. Bc2 Rc7 45. Bd3 Nc5 46. Bf1 Nxe4 47. Bb6 Rd7 48. Bd3 Nf6 49. Bxg6+ Kxg6 50. Qg3+ Qxg3+ 51. Kxg3 Rf7 52. Re1 Nd7 53. Bc7 Rf6 54. Kh2 Nc5 55. Bb6 Na6 56. c5 dxc5 57. Rxe5 Rf5 58. Re7 Rf7 59. Re5 Rf5 1/2-1/2

[Event "Sardinia World Festival-A 2024"]
[Site "Orosei"]
[Date "2024.05.03"]
[Round "8.12"]
[White "Vergara Anton, Diego"]
[Black "Velten, Paul"]
[Result "1/2-1/2"]
[WhiteElo "2387"]
[BlackElo "2481"]
[Annotator "TA"]
[PlyCount "56"]
[EventDate "2024.04.26"]
[EventType "swiss"]
[EventCountry "ITA"]
[SourceTitle "playchess.com"]
[Source "ChessBase"]
[SourceQuality "1"]

1. Nf3 d5 2. g3 Nf6 3. Bg2 e6 4. O-O Be7 5. d4 O-O 6. c4 a5 7. Nc3 c6 8. Nd2 b5 9. cxb5 cxb5 10. Nxb5 Qb6 11. Nc3 Qxd4 12. e4 Nc6 13. Nb3 Qxd1 14. Rxd1 a4 15. exd5 Nxd5 16. Nxd5 exd5 17. Nd4 Nxd4 18. Rxd4 a3 19. Rxd5 Bf6 20. Bg5 axb2 21. Rb1 Be6 22. Bxf6 Bxd5 23. Bxd5 Ra5 24. Bxg7 Rc8 25. Rxb2 Rxd5 26. Bh6 Rd6 27. Be3 Ra6 28. Rb5 Rcc6 1/2-1/2

[Event "Sardinia World Festival-A 2024"]
[Site "Orosei"]
[Date "2024.05.03"]
[Round "8.13"]
[White "Bharath Subramaniyam H"]
[Black "Shohat, Yotam"]
[Result "1/2-1/2"]
[WhiteElo "2544"]
[BlackElo "2398"]
[Annotator "TA"]
[PlyCount "139"]
[EventDate "2024.04.26"]
[EventType "swiss"]
[EventCountry "ITA"]
[SourceTitle "playchess.com"]
[Source "ChessBase"]
[SourceQuality "1"]

1. e4 c5 2. Nf3 d6 3. d4 cxd4 4. Qxd4 Nf6 5. h3 Nc6 6. Qe3 e6 7. Be2 Be7 8. O-O O-O 9. Rd1 Qc7 10. c4 Nb4 11. Nd4 a6 12. a3 Nc6 13. Nc3 Bd7 14. Qg3 Nxd4 15. Rxd4 Kh8 16. Bg5 h6 17. Be3 e5 18. Rdd1 Bc6 19. f3 Nh5 20. Qf2 Nf4 21. Rac1 Bg5 22. b4 Qe7 23. Bf1 f5 24. Nd5 Bxd5 25. exd5 Nh5 26. c5 f4 27. Bd2 Bh4 28. Qe2 Ng3 29. Qd3 e4 30. fxe4 f3 31. gxf3 Nh5 32. Bg2 Bg3 33. c6 Be5 34. Bc3 Nf4 35. Qd2 bxc6 36. dxc6 Rf6 37. Bxe5 Qxe5 38. Rc2 Rg6 39. Qd4 Qg5 40. Rdd2 Qg3 41. Kf1 Rf8 42. Qf2 Qh2 43. Qg1 Qg3 44. Qf2 Qh2 45. Qg1 Qg3 46. c7 Rc8 47. Qf2 Qh2 48. Qg1 Qg3 49. a4 Kh7 50. Qf2 Qh2 51. Qg1 Qg3 52. Qf2 Qh2 53. Qd4 Nxg2 54. Rxg2 Qxh3 55. Qf2 Qh1+ 56. Qg1 Qh3 57. Kf2 Qh4+ 58. Kf1 Qh3 59. Kf2 Qh4+ 60. Ke3 Rxg2 61. Qxg2 Qe7 62. Qe2 Rxc7 63. Rxc7 Qxc7 64. Qxa6 Qc1+ 65. Kd4 Qd2+ 66. Qd3 Qxb4+ 67. Kd5 Qc5+ 68. Ke6 Qc8+ 69. Ke7 Qc7+ 70. Ke6 1/2-1/2

[Event "Sardinia World Festival-A 2024"]
[Site "Orosei"]
[Date "2024.05.03"]
[Round "8.14"]
[White "Rozen, Eytan"]
[Black "Papadiamandis, Elliot"]
[Result "1/2-1/2"]
[WhiteElo "2499"]
[BlackElo "2312"]
[Annotator "TA"]
[PlyCount "52"]
[EventDate "2024.04.26"]
[EventType "swiss"]
[EventCountry "ITA"]
[SourceTitle "playchess.com"]
[Source "ChessBase"]
[SourceQuality "1"]

1. c4 Nf6 2. Nc3 c5 3. g3 g6 4. Bg2 Bg7 5. d3 Nc6 6. Bg5 h6 7. Bxf6 Bxf6 8. Qd2 d6 9. e3 h5 10. Nge2 Bf5 11. d4 h4 12. Rd1 Qc8 13. Nd5 Bg7 14. b4 e6 15. bxc5 exd5 16. cxd5 Nd8 17. cxd6 h3 18. Bf3 Bg4 19. Rc1 Qf5 20. Bxg4 Qxg4 21. Nc3 O-O 22. Qe2 Qd7 23. Ne4 Qf5 24. Nc3 Qd7 25. Ne4 Qf5 26. Nc3 Qd7 1/2-1/2

[Event "Sardinia World Festival-A 2024"]
[Site "Orosei"]
[Date "2024.05.03"]
[Round "8.15"]
[White "Zemach, Nadav"]
[Black "Costa, Leonardo"]
[Result "1/2-1/2"]
[WhiteElo "2396"]
[BlackElo "2476"]
[Annotator "RC"]
[PlyCount "223"]
[EventDate "2024.04.26"]
[EventType "swiss"]
[EventCountry "ITA"]
[SourceTitle "playchess.com"]
[Source "ChessBase"]
[SourceQuality "1"]

1. d4 Nf6 2. c4 e6 3. Nf3 d5 4. Nc3 dxc4 5. e4 Bb4 6. Bxc4 Nxe4 7. O-O Nf6 8. Qa4+ Nc6 9. Ne5 Rb8 10. Nxc6 bxc6 11. Rd1 O-O 12. Qxa7 Bd7 13. Qa4 c5 14. Qc2 Bc6 15. a3 Bxc3 16. Qxc3 Ne4 17. Qe3 Qh4 18. b3 Nd6 19. Qf4 Qh5 20. Be3 Nxc4 21. bxc4 Rb7 22. d5 Ba4 23. Rd2 Re8 24. h3 h6 25. Bxc5 exd5 26. cxd5 Qe5 27. Qxe5 Rxe5 28. Be3 Rb5 29. d6 cxd6 30. Rxd6 Rbd5 31. Ra6 Ra5 32. Rxa5 Rxa5 33. Rc1 Bb3 34. Bc5 h5 35. f3 Kh7 36. Kf2 Kg6 37. Ke3 Kf5 38. h4 g6 39. Rc3 Be6 40. Bb4 Re5+ 41. Kf2 Bd7 42. Rc7 Ke6 43. Ra7 Bb5 44. a4 Re2+ 45. Kg3 Bc4 46. Re7+ Kf6 47. Rc7 Rc2 48. Be7+ Kf5 49. Bg5 Bb3 50. Rb7 Bxa4 51. Rxf7+ Ke5 52. Re7+ Kf5 53. Kh3 Rc3 54. Be3 Kf6 55. Re4 Bd7+ 56. Kg3 Kf7 57. Bg5 Be6 58. Ra4 Rc4 59. Ra7+ Kf8 60. Bh6+ Ke8 61. Ra1 Bf5 62. Rd1 Ra4 63. Be3 Rc4 64. Bd4 Rc2 65. Be3 Rc4 66. Rd2 Ra4 67. Re2 Kf7 68. Bg5 Rc4 69. Rd2 Ke6 70. Rd8 Kf7 71. Kf2 Rc2+ 72. Bd2 Rc7 73. Ra8 Rc4 74. Ra7+ Ke8 75. g3 Rd4 76. Ra2 Rd3 77. Ke2 Rb3 78. Ra8+ Kf7 79. Ra7+ Ke6 80. Rc7 Kd6 81. Rc1 Kd5 82. Ra1 Bd3+ 83. Kf2 Bf5 84. Ra4 Ke6 85. g4 hxg4 86. fxg4 Bc2 87. Ra6+ Kf7 88. Ra7+ Ke6 89. Ra6+ Kf7 90. Ra1 Rh3 91. Bg5 Be4 92. Ra7+ Ke6 93. Ra6+ Ke5 94. Ra5+ Ke6 95. Ke1 Rg3 96. h5 gxh5 97. gxh5 Rh3 98. h6 Bf5 99. Kf2 Be4 100. Ke2 Bd3+ 101. Kd2 Be4 102. Bf4 Kf6 103. Bg5+ Kg6 104. Be3 Kf6 105. Ra7 Ke5 106. Re7+ Kd5 107. Bf4 Bg6 108. Ke2 Bd3+ 109. Kd2 Bg6 110. Rg7 Bf5 111. Re7 Bg6 112. Rg7 1/2-1/2

[Event "Sardinia World Festival-A 2024"]
[Site "Orosei"]
[Date "2024.05.03"]
[Round "8.16"]
[White "Hercegovac, Neven"]
[Black "Agmanov, Zhandos"]
[Result "0-1"]
[WhiteElo "2344"]
[BlackElo "2458"]
[Annotator "TA"]
[PlyCount "52"]
[EventDate "2024.04.26"]
[EventType "swiss"]
[EventCountry "ITA"]
[SourceTitle "playchess.com"]
[Source "ChessBase"]
[SourceQuality "1"]

1. e4 c5 2. Nf3 d6 3. d4 cxd4 4. Nxd4 Nf6 5. Nc3 Nc6 6. Bg5 e6 7. Qd2 a6 8. O-O-O Bd7 9. f4 Be7 10. Nf3 b5 11. Bxf6 gxf6 12. f5 Qb6 13. Kb1 O-O-O 14. Qh6 Kb8 15. Bd3 Qc5 16. Qh5 Be8 17. Ne2 Ne5 18. Nf4 Rc8 19. Rhe1 Bd7 20. Rc1 a5 21. fxe6 fxe6 22. Qh3 a4 23. Nxe6 Nxf3 24. Nxc5 Bxh3 25. Na6+ Ka7 26. Bxb5 Nxe1 0-1

[Event "Sardinia World Festival-A 2024"]
[Site "Orosei"]
[Date "2024.05.03"]
[Round "8.17"]
[White "Ibrayev, Nurlan"]
[Black "Royal, Shreyas"]
[Result "0-1"]
[WhiteElo "2368"]
[BlackElo "2455"]
[Annotator "TA"]
[PlyCount "66"]
[EventDate "2024.04.26"]
[EventType "swiss"]
[EventCountry "ITA"]
[SourceTitle "playchess.com"]
[Source "ChessBase"]
[SourceQuality "1"]

1. e4 c5 2. Nc3 Nc6 3. Bb5 Nd4 4. Bc4 Nf6 5. Nge2 e6 6. O-O a6 7. a4 d6 8. d3 Nc6 9. h3 Be7 10. f4 b6 11. Ba2 Bb7 12. f5 exf5 13. Rxf5 Nb4 14. Bb3 d5 15. exd5 Nbxd5 16. Ng3 Nxc3 17. bxc3 O-O 18. Rf2 b5 19. axb5 axb5 20. Rxa8 Bxa8 21. Nf5 c4 22. Ba2 h6 23. Be3 Bd5 24. Bd4 Be6 25. Nxe7+ Qxe7 26. Rxf6 gxf6 27. Qh5 cxd3 28. cxd3 Rd8 29. Bb1 Rxd4 30. cxd4 Qb4 31. Bc2 Qxd4+ 32. Kf1 Qf4+ 33. Ke2 b4 0-1

[Event "Sardinia World Festival-A 2024"]
[Site "Orosei"]
[Date "2024.05.03"]
[Round "8.18"]
[White "Ezra Paul Chambers"]
[Black "Degraeve, Remy"]
[Result "1-0"]
[WhiteElo "2343"]
[BlackElo "2432"]
[Annotator "TA"]
[PlyCount "71"]
[EventDate "2024.04.26"]
[EventType "swiss"]
[EventCountry "ITA"]
[SourceTitle "playchess.com"]
[Source "ChessBase"]
[SourceQuality "1"]

1. e4 e5 2. Nf3 Nc6 3. Bb5 a6 4. Ba4 Nf6 5. d3 d6 6. c4 g6 7. Nc3 Bg7 8. Nd5 O-O 9. Bg5 Nb8 10. Nxe5 c6 11. Nxf6+ Bxf6 12. Bxf6 Qxf6 13. Nf3 Qxb2 14. O-O b5 15. Bb3 Bg4 16. Rc1 Qf6 17. d4 b4 18. c5 dxc5 19. Rxc5 Nd7 20. Rc1 c5 21. dxc5 Ne5 22. Qd6 Nxf3+ 23. gxf3 Qxf3 24. Rfe1 Bh3 25. Qg3 Qh5 26. c6 Be6 27. Bxe6 fxe6 28. c7 Rac8 29. Red1 Qa5 30. Rd7 Qh5 31. Rcd1 e5 32. R1d5 Qe2 33. Qh4 h5 34. R5d6 Kh8 35. Rd8 Qf3 36. Rxc8 1-0

[Event "Sardinia World Festival-A 2024"]
[Site "Orosei"]
[Date "2024.05.03"]
[Round "8.19"]
[White "Kilic, Eray"]
[Black "Derakhshani, Borna"]
[Result "1/2-1/2"]
[WhiteElo "2429"]
[BlackElo "2355"]
[Annotator "ChessBase"]
[PlyCount "67"]
[EventDate "2024.04.26"]
[EventType "swiss"]
[EventCountry "ITA"]
[SourceTitle "playchess.com"]
[Source "ChessBase"]
[SourceQuality "1"]

1. e4 e6 2. d4 d5 3. Nc3 Nf6 4. Bg5 dxe4 5. Nxe4 Be7 6. Bxf6 gxf6 7. Qd2 c5 8. Bb5+ Bd7 9. Bxd7+ Qxd7 10. Qf4 cxd4 11. Nxf6+ Bxf6 12. Qxf6 Rg8 13. O-O-O Nc6 14. Nf3 Qe7 15. Qf4 Rxg2 16. Nxd4 Qg5 17. Qxg5 Rxg5 18. Nxc6 bxc6 19. Rhg1 Rxg1 20. Rxg1 Rd8 21. Rg8+ Ke7 22. Rxd8 Kxd8 23. Kd2 Ke7 24. b4 e5 25. c4 Kd6 26. Kd3 f5 27. a4 c5 28. b5 e4+ 29. Ke3 Ke5 30. a5 f4+ 31. Ke2 Kd6 32. Kf1 h5 33. Kg2 Kc7 34. Kf1 1/2-1/2

[Event "Sardinia World Festival-A 2024"]
[Site "Orosei"]
[Date "2024.05.03"]
[Round "8.20"]
[White "Tudor, Henry Edward"]
[Black "Kanov, Nikola"]
[Result "1-0"]
[WhiteElo "2279"]
[BlackElo "2423"]
[Annotator "TA"]
[PlyCount "101"]
[EventDate "2024.04.26"]
[EventType "swiss"]
[EventCountry "ITA"]
[SourceTitle "playchess.com"]
[Source "ChessBase"]
[SourceQuality "1"]

1. d4 Nf6 2. c4 e6 3. Nc3 d5 4. cxd5 exd5 5. Bg5 c6 6. e3 Be6 7. Bd3 Nbd7 8. h3 Be7 9. Bf4 O-O 10. Nf3 Re8 11. O-O Nf8 12. Bh2 a5 13. Ne5 N6d7 14. f4 f5 15. g4 Nxe5 16. dxe5 g6 17. gxf5 Bxf5 18. Bxf5 gxf5 19. Qd3 Qc8 20. Ne2 Ng6 21. Nd4 Rf8 22. Rac1 Kh8 23. Kh1 Qd7 24. Rf3 c5 25. Qb5 Qxb5 26. Nxb5 Rfd8 27. Rff1 Nf8 28. Rfd1 Ne6 29. Kg2 a4 30. Kf3 Ra5 31. Nc3 d4 32. Ne2 Rb5 33. Bg1 d3 34. Ng3 Rxb2 35. Nxf5 d2 36. Rc3 Bf8 37. Bh2 Kg8 38. h4 b5 39. Nd6 Bxd6 40. exd6 c4 41. f5 Nc5 42. e4 Rxa2 43. e5 Kf7 44. Re3 b4 45. e6+ Kf6 46. d7 Rxd7 47. Be5+ Kxf5 48. exd7 Nxd7 49. Bd4 c3 50. Kg3 Kg6 51. Rf1 1-0

[Event "Sardinia World Festival-A 2024"]
[Site "Orosei"]
[Date "2024.05.03"]
[Round "8.21"]
[White "Aizenberg, Benny"]
[Black "Fiedorek, Michal"]
[Result "1-0"]
[WhiteElo "2409"]
[BlackElo "2310"]
[Annotator "TA"]
[PlyCount "123"]
[EventDate "2024.04.26"]
[EventType "swiss"]
[EventCountry "ITA"]
[SourceTitle "playchess.com"]
[Source "ChessBase"]
[SourceQuality "1"]

1. e4 e5 2. Nf3 Nc6 3. Bb5 a6 4. Ba4 Nf6 5. O-O Be7 6. Re1 b5 7. Bb3 O-O 8. c3 Na5 9. Bc2 d5 10. exd5 e4 11. Bxe4 Nxe4 12. Rxe4 Bb7 13. d4 Bxd5 14. Re1 Bd6 15. Nbd2 Re8 16. Rxe8+ Qxe8 17. Nf1 Qc6 18. Ne3 Bxf3 19. Qxf3 Qxf3 20. gxf3 Re8 21. Bd2 Re6 22. Re1 h5 23. h3 Rf6 24. Kg2 Rg6+ 25. Kf1 Rf6 26. Ke2 Nc6 27. Rg1 Ne7 28. Rg5 Ng6 29. Ng2 h4 30. Rg4 Be7 31. Re4 Rd6 32. Nf4 Kf8 33. Kd3 c5 34. Nxg6+ Rxg6 35. dxc5 Bxc5 36. Be3 Be7 37. Rg4 Rd6+ 38. Rd4 Rg6 39. Ke2 Rg1 40. Rd1 Rg2 41. Bf4 Ke8 42. Bd6 Bf6 43. f4 Bd8 44. Kf3 Rg6 45. Be5 f6 46. Rd6 Rg1 47. Bd4 Rb1 48. b3 a5 49. Rd5 b4 50. Rb5 Rd1 51. Ke2 Ra1 52. cxb4 Rxa2+ 53. Kf3 axb4 54. Rxb4 g6 55. f5 gxf5 56. Kf4 Be7 57. Rb5 Rd2 58. Be3 Rd1 59. Kxf5 Rh1 60. Ke6 Rxh3 61. Rb7 Bd8 62. Rh7 1-0

[Event "Sardinia World Festival-A 2024"]
[Site "Orosei"]
[Date "2024.05.03"]
[Round "8.23"]
[White "Gloeckler, Christian"]
[Black "Girel, Joseph"]
[Result "1/2-1/2"]
[WhiteElo "2356"]
[BlackElo "2479"]
[Annotator "TA"]
[PlyCount "65"]
[EventDate "2024.04.26"]
[EventType "swiss"]
[EventCountry "ITA"]
[SourceTitle "playchess.com"]
[Source "ChessBase"]
[SourceQuality "1"]

1. e4 e5 2. Nf3 Nc6 3. Bb5 a6 4. Ba4 Nf6 5. O-O Bc5 6. c3 b5 7. Bb3 d6 8. d4 Bb6 9. Be3 Bg4 10. Nbd2 O-O 11. h3 Bh5 12. dxe5 dxe5 13. Qe2 Rb8 14. Rfd1 Qe7 15. Bxb6 Rxb6 16. Nf1 Bg6 17. Ng3 Ne8 18. Bd5 Nb8 19. Qe3 Nd7 20. b4 Nef6 21. Bb3 c5 22. Nh4 cxb4 23. Nhf5 Bxf5 24. Nxf5 Qc5 25. cxb4 Qxb4 26. Rac1 g6 27. a3 Qa5 28. Ne7+ Kg7 29. Bd5 Nxd5 30. Rxd5 Rb7 31. Nf5+ gxf5 32. Qg5+ Kh8 33. Rxd7 1/2-1/2

[Event "Sardinia World Festival-A 2024"]
[Site "Orosei"]
[Date "2024.05.03"]
[Round "8.24"]
[White "Bronstein, Or"]
[Black "Vagman, Roy"]
[Result "0-1"]
[WhiteElo "2458"]
[BlackElo "2357"]
[Annotator "TA"]
[PlyCount "108"]
[EventDate "2024.04.26"]
[EventType "swiss"]
[EventCountry "ITA"]
[SourceTitle "playchess.com"]
[Source "ChessBase"]
[SourceQuality "1"]

1. d4 d5 2. c4 e6 3. Nf3 Nf6 4. cxd5 exd5 5. Nc3 Nbd7 6. Qc2 c6 7. Bf4 Be7 8. h3 Nf8 9. e3 Ne6 10. Be5 O-O 11. Bd3 g6 12. O-O Ng7 13. Bxf6 Bxf6 14. b4 a6 15. a4 Bf5 16. b5 axb5 17. axb5 Bxd3 18. Qxd3 Ne6 19. bxc6 bxc6 20. Rac1 Ra3 21. Qd2 Qa8 22. Rc2 Rb8 23. Rfc1 Ra6 24. Ne2 Rbb6 25. Ne1 Be7 26. Nd3 Bd6 27. Nc3 Kg7 28. Ra2 Rxa2 29. Nxa2 Qa3 30. Nc3 Bc7 31. Qc2 Qd6 32. g3 Ra6 33. Kg2 h5 34. h4 Qe7 35. Rb1 Bd6 36. Na2 Ra3 37. Rb3 Rxb3 38. Qxb3 g5 39. hxg5 Nxg5 40. Nc3 Qe6 41. Kf1 Qf5 42. Ke2 Qf3+ 43. Kf1 Bxg3 44. Qd1 Qh1+ 45. Ke2 Qg2 46. Kd2 Nf3+ 47. Kc2 h4 48. Ne2 Bd6 49. Kb3 h3 50. Nef4 Bxf4 51. Nxf4 Qg4 52. Kc3 h2 53. Ne2 Ng1 54. f3 Qxf3 0-1

[Event "Sardinia World Festival-A 2024"]
[Site "Orosei"]
[Date "2024.05.03"]
[Round "8.25"]
[White "Chyzy, Jakub"]
[Black "Levin, Guy"]
[Result "1-0"]
[WhiteElo "2314"]
[BlackElo "2451"]
[Annotator "TA"]
[PlyCount "103"]
[EventDate "2024.04.26"]
[EventType "swiss"]
[EventCountry "ITA"]
[SourceTitle "playchess.com"]
[Source "ChessBase"]
[SourceQuality "1"]

1. e4 c5 2. Nf3 Nc6 3. Bb5 g6 4. O-O Bg7 5. Bxc6 bxc6 6. Re1 Qc7 7. h3 d6 8. c3 Nf6 9. d4 cxd4 10. cxd4 O-O 11. Nc3 c5 12. e5 dxe5 13. dxe5 Rd8 14. Qa4 Nh5 15. g4 Bb7 16. Re4 Qd7 17. Qxd7 Rxd7 18. gxh5 Bxe4 19. Nxe4 Rd1+ 20. Kg2 Bh6 21. Nfg5 Rad8 22. b3 a6 23. Bb2 Rxa1 24. Bxa1 Bxg5 25. Nxg5 Rd2 26. Ne4 Rxa2 27. Bc3 Rc2 28. h6 Rc1 29. h4 Kf8 30. Kf3 Rh1 31. Kg3 Rc1 32. Kg2 Kg8 33. Bd2 Rc2 34. Be3 c4 35. b4 Rb2 36. Bc5 Kf8 37. Nf6 Rd2 38. Nxh7+ Kg8 39. Ng5 Rd7 40. e6 fxe6 41. h7+ Kh8 42. b5 axb5 43. Bb4 e5 44. Bc3 Rd4 45. Kf1 Rd1+ 46. Ke2 Rd4 47. Ke1 Rd5 48. f4 Rd4 49. fxe5 Rd3 50. Bb4 c3 51. Bxe7 c2 52. Bf6# 1-0

[Event "Sardinia World Festival-A 2024"]
[Site "Orosei"]
[Date "2024.05.03"]
[Round "8.26"]
[White "Fava, Lorenzo"]
[Black "Ben Ari, Yannay"]
[Result "0-1"]
[WhiteElo "2279"]
[BlackElo "2436"]
[Annotator "TA"]
[PlyCount "56"]
[EventDate "2024.04.26"]
[EventType "swiss"]
[EventCountry "ITA"]
[SourceTitle "playchess.com"]
[Source "ChessBase"]
[SourceQuality "1"]

1. e4 g6 2. d4 Bg7 3. Nc3 d6 4. Be3 c6 5. h4 Nf6 6. Be2 b5 7. a3 h5 8. f3 a5 9. Nh3 Bxh3 10. Rxh3 Nbd7 11. Qd2 b4 12. Na4 Qb8 13. c3 O-O 14. Kf2 e5 15. d5 cxd5 16. exd5 e4 17. Rhh1 Ne5 18. Nb6 exf3 19. Bxf3 Ra6 20. Na4 Nfg4+ 21. Kg3 Nc4 22. Qd3 Ngxe3 23. b3 Qa7 24. bxc4 Nf5+ 25. Kh2 Be5+ 26. g3 Qf2+ 27. Bg2 Ne3 28. Qe4 Ng4+ 0-1

[Event "Sardinia World Festival-A 2024"]
[Site "Orosei"]
[Date "2024.05.03"]
[Round "8.27"]
[White "Yankelevich, Lev"]
[Black "Citak, Selim"]
[Result "1/2-1/2"]
[WhiteElo "2413"]
[BlackElo "2327"]
[Annotator "TA"]
[PlyCount "31"]
[EventDate "2024.04.26"]
[EventType "swiss"]
[EventCountry "ITA"]
[SourceTitle "playchess.com"]
[Source "ChessBase"]
[SourceQuality "1"]

1. d4 d5 2. c4 e6 3. Nf3 Nf6 4. g3 dxc4 5. Bg2 Nbd7 6. O-O c6 7. Nc3 Bd6 8. Nd2 Nb6 9. Na4 Nxa4 10. Qxa4 O-O 11. Qxc4 e5 12. dxe5 Bxe5 13. Nf3 Bd6 14. Rd1 Qe7 15. Nd4 Rd8 16. Bg5 1/2-1/2

[Event "Sardinia World Festival-A 2024"]
[Site "Orosei"]
[Date "2024.05.03"]
[Round "8.28"]
[White "Lumachi, Gabriele"]
[Black "Bifulco, Michel"]
[Result "1/2-1/2"]
[WhiteElo "2413"]
[BlackElo "2303"]
[Annotator "TA"]
[PlyCount "86"]
[EventDate "2024.04.26"]
[EventType "swiss"]
[EventCountry "ITA"]
[SourceTitle "playchess.com"]
[Source "ChessBase"]
[SourceQuality "1"]

1. Nf3 d5 2. c4 d4 3. b4 Nf6 4. Bb2 c5 5. g3 a5 6. b5 Nbd7 7. Bg2 e5 8. e3 Bd6 9. d3 Qc7 10. a4 dxe3 11. fxe3 e4 12. dxe4 Nxe4 13. O-O O-O 14. Qd3 Nef6 15. Ng5 Ne5 16. Bxe5 Bxe5 17. Nc3 g6 18. Ra2 Be6 19. Raf2 Ng4 20. Rf3 Bg7 21. Nxe6 fxe6 22. Qe4 Ne5 23. Rxf8+ Rxf8 24. Rxf8+ Bxf8 25. Ne2 b6 26. Nf4 Qd6 27. Qc2 Bh6 28. Bh3 Bxf4 29. gxf4 Nf3+ 30. Kf2 Nh4 31. Ke2 Nf5 32. Qe4 Kg7 33. Bxf5 exf5 34. Qb7+ Kh6 35. Qf7 Qd8 36. Qb7 Qf6 37. Qc6 Qb2+ 38. Kf3 Qc1 39. Kf2 Qd2+ 40. Kf3 Qe1 41. Qxb6 Qf1+ 42. Kg3 Qg1+ 43. Kf3 Qf1+ 1/2-1/2

[Event "Sardinia World Festival-A 2024"]
[Site "Orosei"]
[Date "2024.05.03"]
[Round "8.29"]
[White "Favaloro, Andrea"]
[Black "Kalosha, Zhiulien Oleksii"]
[Result "1-0"]
[WhiteElo "2412"]
[BlackElo "2306"]
[Annotator "TA"]
[PlyCount "45"]
[EventDate "2024.04.26"]
[EventType "swiss"]
[EventCountry "ITA"]
[SourceTitle "playchess.com"]
[Source "ChessBase"]
[SourceQuality "1"]

1. Nf3 Nf6 2. g3 c5 3. Bg2 d5 4. O-O Nc6 5. d4 cxd4 6. Nxd4 e5 7. Nxc6 bxc6 8. c4 Be6 9. Nc3 Qd7 10. Qa4 h6 11. cxd5 cxd5 12. Qxd7+ Kxd7 13. Rd1 Kc6 14. Be3 Bb4 15. Nxd5 Bxd5 16. Rac1+ Kd6 17. a3 Bxa3 18. bxa3 Rac8 19. Rxd5+ Nxd5 20. Rd1 Rhd8 21. Bxd5 Ke7 22. Bxa7 Rd7 23. Bb6 1-0